000 00375nam a2200169Ia 4500
008 240510s9999 xx 000 0 und d
041 _atam
082 _a200
082 _bL12
100 _aLadies Hindu Foundation
245 0 _aIndu Parampariyam
260 _bColombo Ladies Hindu Foundation
260 _c2005
300 _a324 p.
942 _2ddc
942 _cLBK
999 _c28635
_d28635
945 _a1
_bMadushi Gamage
_c1
_dMadushi Gamage